Traduction fr/en: Le corps humain - Statistiques

Statistiques générales
  • Ce quiz a été pris 309 fois
  • Le résultat moyen est 27 sur 39
Statistiques - réponses
Mots Traduction % Correct
la tête the head
99%
un œil an eye
98%
un pied a foot
97%
des dents teeth
97%
le nez the nose
97%
une main a hand
96%
des pieds feet
95%
le visage the face
95%
la bouche the mouth
95%
un bras an arm
94%
Le corps The body
94%
une oreille an ear
92%
le cœur the heart
92%
un doigt a finger
91%
la peau the skin
91%
une jambe a leg
90%
une lèvre a lip
90%
une dent a tooth
90%
le dos the back
88%
le cou the neck
85%
un genou a knee
78%
une épaule a shoulder
73%
un os a bone
67%
la barbe the beard
61%
la poitrine the chest
56%
la joue the cheek
52%
des sourcils eyebrows
51%
le front the forehead
45%
un poumon a lung
43%
une moustache a moustache
43%
la cheville the ankle
42%
le menton the chin
41%
la hanche the hip
40%
le coude the elbow
36%
un rein a kidney
34%
des cils eyelashes
29%
le talon the heel
22%
des paupières eyelids
20%
le nombril the navel
14%
Aucun quiz correspondant
Distribution des résultats
% des personnes avec chaque résultat
Percentile par nombre de réponses
Votre historique - résultats
Vous n’avez pas pris ce quiz